00728nam a2200229Ia 450000500170000000800410001702000150005804100080007310000330008124500800011425000220019430000250021665000260024165000300026765100350029726400320033233600270036433700330039133800280042404000350045208400110048720220316235731.0121119s2000 sp gr 000 f spa  a84840364130 aspa1 aBalzac, Honore ded1799-185010aEugenia Grandet ; La piel de zapa ; El lirio en el valle cHonore de Balzac aPrimera edición a621 páginasc24 cm14aNovela francesa2LEMB aFilosofíavNovela2LEMB 4aFranciaxDescripciónvNovela a[Barcelona]bEdimatc[2000] atextobtxt2rdacontent asin mediaciónbn2rdamedia avolumenbnc2rdacarrier aCO-BoRNBPbspaerdacCO-BoRNBP aN BAL1